Loading...
| Current Events | 3 | 20.00 | 100% | 67% | 33% |
| Fine Arts - Classical Music | 7 | 17.14 | 100% | 57% | 14% |
| Fine Arts - Other Fine Arts | 5 | 18.00 | 100% | 20% | 60% |
| Geography | 4 | 22.50 | 100% | 75% | 50% |
| History - American History | 7 | 18.57 | 86% | 57% | 43% |
| History - European History | 7 | 15.71 | 100% | 29% | 29% |
| History - Other History | 8 | 20.00 | 100% | 63% | 38% |
| History - World History | 8 | 25.00 | 100% | 75% | 75% |
| Literature - American Literature | 6 | 18.33 | 100% | 50% | 33% |
| Literature - British Literature | 6 | 20.00 | 83% | 67% | 50% |
| Literature - European Literature | 6 | 26.67 | 100% | 100% | 67% |
| Literature - World Literature | 8 | 18.75 | 88% | 75% | 25% |
| Mythology | 11 | 33.64 | 155% | 91% | 91% |
| Painting/Sculpture | 5 | 18.00 | 100% | 60% | 20% |
| Philosophy | 4 | 22.50 | 100% | 100% | 25% |
| Pop Culture | 4 | 27.50 | 100% | 100% | 75% |
| Religion | 4 | 17.50 | 75% | 100% | 0% |
| Science - Biology | 5 | 24.00 | 100% | 100% | 40% |
| Science - Chemistry | 8 | 16.25 | 75% | 63% | 25% |
| Science - Other Science | 7 | 15.71 | 86% | 71% | 0% |
| Science - Physics | 6 | 20.00 | 100% | 83% | 17% |
| Social Science | 8 | 16.25 | 88% | 50% | 25% |